| 000 | 00752cab a2200229 4500 | ||
|---|---|---|---|
| 001 | ABS53428 | ||
| 008 | 090401t1995 xxu||||| |||| 00| 0 eng d | ||
| 035 | _a(Sirsi) u4112 | ||
| 041 | _aeng | ||
| 100 | _aTunstall | ||
| 245 | _aAgainst the tide | ||
| 260 | _c1995 | ||
| 350 | _a0 | ||
| 490 |
_aMunicipal Journal _v(32) 11 August 1995, 12-13(2) |
||
| 520 | _aReviews Joseph Rowntree Foundations`s "Swimming against the tide: Progress or polaristion on twenty unpopular council estates 1980-1995" assessing housing management schemes on these estates over the last fifteen years. | ||
| 650 | _aCOUNCIL ESTATES | ||
| 650 | _aHOUSING MANAGEMENT | ||
| 650 | _aVANDALISM | ||
| 690 |
_aBlock management _96220 |
||
| 942 | _n0 | ||
| 948 | _c04/03/1997 | ||
| 999 |
_c2460 _d2460 |
||